|
|
|
|
| LEADER |
00000nam2a2200000 4500 |
| 001 |
123152 |
| 005 |
20231031130405.0 |
| 010 |
|
|
|a 5895510124
|
| 035 |
|
|
|a (RuTPU)RU\TPU\book\133322
|
| 090 |
|
|
|a 123152
|
| 100 |
|
|
|a 20071012d2003 km y0rusy50 ca
|
| 101 |
0 |
|
|a rus
|
| 102 |
|
|
|a RU
|
| 105 |
|
|
|a a g 001zy
|
| 200 |
0 |
|
|a Кн. 3: Вспомогательные элементы гидропривода: номенклатура, параметры, размеры, взаимозаменяемость
|
| 210 |
|
|
|d 2003
|
| 215 |
|
|
|a 445 с.
|c ил.
|
| 320 |
|
|
|a Реквизиты изготовителей и поставщиков: с. 424-427.
|
| 461 |
|
1 |
|0 (RuTPU)RU\TPU\book\133746
|t Гидрооборудование
|o международный справочник
|o в 3 книгах
|f В. К. Свешников
|v Кн. 3: Вспомогательные элементы гидропривода: номенклатура, параметры, размеры, взаимозаменяемость
|e [2-е изд.]
|d 2001-2003
|s Международный справочник
|
| 610 |
1 |
|
|a гидрооборудование
|
| 610 |
1 |
|
|a гидроприводы
|
| 610 |
1 |
|
|a вспомогательные элементы
|
| 610 |
1 |
|
|a реле давления
|
| 610 |
1 |
|
|a переключатели
|
| 610 |
1 |
|
|a монтажные плиты
|
| 610 |
1 |
|
|a гидропневмоаккумуляторы
|
| 610 |
1 |
|
|a фильтры
|
| 610 |
1 |
|
|a насосные установки
|
| 610 |
1 |
|
|a уплотнения
|
| 610 |
1 |
|
|a приборы
|
| 610 |
1 |
|
|a трубопроводы
|
| 610 |
1 |
|
|a демонстрационные стенды
|
| 610 |
1 |
|
|a учебные стенды
|
| 610 |
1 |
|
|a номенклатура
|
| 610 |
1 |
|
|a параметры
|
| 610 |
1 |
|
|a размеры
|
| 610 |
1 |
|
|a взаимозаменяемость
|
| 610 |
1 |
|
|a обозначения
|
| 610 |
1 |
|
|a изготовители
|
| 610 |
1 |
|
|a характеристика
|
| 610 |
1 |
|
|a справочники
|
| 675 |
|
|
|a 621.22(035)
|v 3
|
| 675 |
|
|
|a 62-82(035)
|v 3
|
| 801 |
|
1 |
|a RU
|b 63413507
|c 20071012
|g PSBO
|
| 801 |
|
2 |
|a RU
|b 63413507
|c 20100819
|g PSBO
|
| 942 |
|
|
|c BK
|